00526nmm a2200169Ia 4500008004100000020001800041041000800059100003900067245006500106264004400171300001800215490001600233650003200249856005100281942000700332999001700339251105s9999||||xx |||||||||||||||||und|| a9788416421145 aspa aAlizal Arriaga, Laura del (Coord.) 0aRelaciones entre poderes del Estado: acuerdos y divergencias a[Madrid, España] :bAnthropos, c2015 a160 páginas aCuadernos A aPolitical Science (General) uhttps://public.digitaliapublishing.com/a/41721 cCF c77717d77717